[Event "Drammen Smartfish Masters"]
[Site "Drammen"]
[Date "2005.01.02"]
[Round "6"]
[White "Macieja, Bartlomiej"]
[Black "McShane, Luke J"]
[Result "1-0"]
[WhiteElo "2613"]
[BlackElo "2629"]
[Annotator "Hazai,L"]
[PlyCount "199"]
[EventDate "2004.12.27"]
[EventType "tourn"]
[EventRounds "9"]
[EventCountry "NOR"]
[EventCategory "14"]
[SourceTitle "CBM 105"]
[Source "ChessBase"]
[SourceDate "2005.04.11"]
[SourceVersion "1"]
[SourceVersionDate "2005.04.11"]
[SourceQuality "1"]

1. d4 Nf6 2. Nf3 g6 3. Bf4 Bg7 4. e3 d6 5. h3 O-O 6. Be2 c5 7. O-O Qb6 $5 {
Black attacks >< b2, but if he cannot take it, the strategy is not completely
clear.} (7... b6 {/\ Bb7 and}) (7... Nbd7 8. c3 b6 {/\ Bb7 lead to the main
line transposing to a reversed Reti setup.}) 8. Nbd2 (8. Na3 {The N is not
very well placed here.} Be6 (8... Qxb2 $2 9. Nc4 $16 {- 8.Nbd2}) 9. Nc4 Bxc4 (
9... Qc7 10. Na3 {This is a sad retreat.} cxd4 (10... Qb6 {repetition of moves}
) 11. exd4 Qb6 12. Nc4 Bxc4 13. Bxc4 Qxb2 14. Rb1 Qc3 15. Qe2 Nc6 16. Rb3 {
White has some compensation for the sacrificed material.} Nxd4 17. Rxc3 (17.
Nxd4 $2 Qxd4 18. Be3 Qe4 19. Rfb1 b6 $19 {Kaloussis-Wojtkiewicz, Katerini 1993}
) 17... Nxe2+ 18. Bxe2 Nd5 19. Rc4 b5 20. Rd1 bxc4 21. Rxd5 Rab8 $13) 10. Bxc4
Qxb2 11. dxc5 (11. Rb1 Qc3) 11... Qc3 12. Qd4 Qxd4 13. exd4 dxc5 14. dxc5 {
White's pawns on the << are very weak, if Black can finish his development
White is in trouble.} Nh5 15. Be5 Nd7 16. Rae1 Nxe5 17. Nxe5 Bxe5 18. Rxe5 e6
19. Rb1 Rab8 $15 {Burmakin-Turov, St Petersburg 1998}) (8. Qc1 {Now Black gets,
what he wanted.} Nd5 (8... Nc6 9. c3 Be6 (9... Bf5 10. Na3 d5 {and the N has
no future on a3.} 11. g4 Be6 12. dxc5 Qxc5 13. Nb5 Rac8 14. e4 Qb6 15. Be3 Qa5
16. exd5 Bxd5 $15 {and g4 became an unnecessary weakness, Paehtz-Uhlmann,
Leipzig 1983.}) 10. Nbd2 cxd4 11. exd4 Bd5 $5 (11... Rac8 {is not so important.
} 12. Re1 Nd5 13. Nc4 Qc7 14. Bh6 b5 15. Bxg7 Kxg7 16. Ncd2 Qb6 17. a3 a5 $13 {
with the standard minority -> on the <<, Meulders-Shchekachev, Antwerp 1996.}))
9. Bg5 h6 10. Bh4 cxd4 11. exd4 Nc6 12. c3 e5 {Black grabs the |^ in the [+],
he has got the better development as well.} 13. Bc4 Nf4 $36 {Kataev-Kochyev,
Sverdlovsk 1984}) 8... Be6 (8... Qxb2 $2 {Anand} 9. Nc4 {Black cannot keep the
grabbed P without a punishment.} Qb5 (9... Qb4 10. c3 $1 Qb5 (10... Qxc3 11.
Rc1 Qb4 12. Rb1 Qc3 13. Rb3 $18) 11. Nxd6 $16) (9... Qc3 10. Rb1 $1 {/\ Rb3})
10. Nxd6 $16) (8... d5 9. c4 $5 {blowing up the [+] looks interesting.} (9. Rb1
{is too passive.} cxd4 10. exd4 Nc6 11. Nb3 Bf5 $11 {Nosenko-Sikula, Kiev 2003}
)) (8... Nd5 9. Nc4 Qc7 10. Bh2 cxd4 11. exd4 Bh6 {Black wants to create some
counterplay against >< f4.} 12. Re1 Be6 13. Bf1 Nd7 14. Ncd2 N5f6 15. c4 $14 {
invading the [+], C.Bauer-V.Georgiev, Vejen 1993.}) 9. Ng5 (9. Nc4 {- 8.Na3})
9... Bd7 10. Nc4 Qc7 11. a4 (11. c3 {strengthening the stronghold on d4.} h6
12. Nf3 b6 13. Bd3 (13. a4 Bc6 14. a5 $140 Nbd7 {parrying the direct threats
on the <<.}) 13... Qb7 14. Re1 Bc6 $1 {taking control over the vital e4 square.
} 15. Ncd2 Ne4 $1 16. Nxe4 Bxe4 17. Qe2 Nd7 18. Ba6 (18. a4) 18... Qc7 19. Nd2
Bb7 20. Bxb7 (20. a4 {Anand} Nf6) 20... Qxb7 $11 {with a typical Reti position
with level chances, Yusupov-Topalov, Gran Canaria 1993 CBM 36.}) 11... b6 (
11... cxd4 12. exd4 Nc6 13. c3 Na5 14. Nxa5 Qxa5 15. Nf3 Qb6 16. Qc1 a5 {
Now it is not easy to begin a minority -> on the <<.} 17. Re1 Rfc8 18. Bf1 e6
19. Nd2 d5 {(Glienke-Kozul, Bled 1997)} 20. Be5 $14 {with some pressure on the
>>.}) 12. c3 Nc6 (12... Bc6 $5 {/\ Nbd7 looks more flexible.}) 13. d5 Nd8 {
This seems to be passive, but >< d5 is chronically weak.} (13... Ne5 {looks
logical fighting for the [+].} 14. Bxe5 (14. Nxe5 dxe5 15. Bh2 c4 $13) 14...
dxe5 15. d6 exd6 16. Qxd6 Qxd6 (16... Ne8 17. Qxc7 Nxc7 18. Rfd1) 17. Nxd6 h6
18. Nf3 Ne8 $11 {and Black can build up a persistant defence.}) 14. Bf3 {
otherwise >< d5 gets into trouble.} Nb7 {/\ a6, b5 chasing away the strong N
from c4.} 15. Ne4 (15. Qb3 $6 h6) 15... Nxe4 16. Bxe4 a6 17. Nd2 b5 18. Bc2 $6
(18. Bf3 c4 $1 {and now the B belongs to c2!}) (18. Bg5 $1 {It is better to
wait with the e4 B.} Rfe8 19. axb5) 18... c4 (18... b4 $1 {attacking on the
long /^ looks better.} 19. cxb4 (19. Nc4 bxc3 20. bxc3 Bxc3 21. Rb1 Rab8) 19...
cxb4 20. Ra2 Rfc8 $15) 19. Bg5 f6 $6 {This is a successful provocation the
long /^ is closed, >< e6 is weakened.} (19... e5 20. dxe6 (20. e4 Nc5 $11)
20... fxe6 $13 {was the flexible P structure.}) 20. Bf4 Nc5 21. axb5 axb5 22.
Rxa8 {Why to give up the a file?} (22. Qe2) 22... Rxa8 23. e4 Qb7 {Black
cannot find a clear-cut plan.} (23... Rf8 {/\ f5 activating the pieces was
interesting.} 24. Re1 f5 $132) 24. Be3 Rc8 (24... e5 {was the freeing move
creating some weaknesses in his camp at the same time.} 25. dxe6 Bxe6 26. Bd4 {
with a somewhat better P structure for White.}) 25. Bd4 Na4 (25... e5 {is less
logical than before.} 26. dxe6 Nxe6 27. Be3 $14) 26. Qa1 {Mechanically
defending >< b2.} (26. Qe2 $1 {was possible, because after} Nxb2 27. Rb1 {
White wins back the P.} Nd3 28. Nxc4 (28. Bxd3 cxd3 29. Qxd3 $14) 28... Nf4 29.
Qf1 $14) 26... f5 {Finally Black wants to come out of passivity. It has also
some price, the >< e7 becomes vulnerable for the whole game.} (26... e5 {
is less promising now.} 27. dxe6 Bxe6 28. Bxa4 Ra8 29. b3 $14) 27. Bxg7 Kxg7
28. Re1 fxe4 29. Bxe4 Rf8 $2 (29... Nc5 {was more to the point.}) 30. b3 $1 $14
cxb3 31. Nxb3 Kg8 32. Re3 (32. Nd4 Nc5 33. Qb1) 32... Rf7 (32... Nb6 $1 {
activating the N was tempting.}) 33. Nd4 Qc7 34. Bf3 (34. Bc2 Nc5) 34... Qc5
35. Qe1 Kf8 36. Nb3 Qc4 37. Nd2 Qh4 38. Qa1 Kg8 39. Qa3 Nc5 40. Qa7 Qa4 41. Qc7
{It was probably time trouble...} Qa8 (41... Qa1+ 42. Kh2 Qb2 43. Ne4 Nxe4 44.
Rxe4 Rxf3 45. Qxd7 Rxf2 46. Qe6+ Kg7 47. Qxe7+ Rf7 48. Qxd6 Qxc3 {and Black
has good drawing chances in the _|_.}) 42. Ne4 Nxe4 43. Rxe4 Qc8 (43... Bf5 44.
Rxe7 Rxe7 45. Qxe7 Qa1+ 46. Kh2 Qxc3 47. Qxd6 b4 {and the o^ b4 may give some
counterplay.}) 44. Qxc8+ Bxc8 45. Be2 Bd7 {Now >< b5 is very weak, but even
taking it the R _|_ is far from clear.} 46. Kf1 $1 (46. Rb4 {allows Black to
activate his R.} Rf8 47. Bxb5 Bxb5 48. Rxb5 Rc8 $11) 46... Kg7 (46... Kf8 47.
Rb4 {and there is no Rf8 anymore.}) 47. Ke1 Kf6 48. Rb4 (48. Rf4+ {seemingly
wins a tempo, but after} Kg7 49. Rb4 Rf5 {comes activating the R anyway.} 50.
Bxb5 Re5+ 51. Kf1 Bxb5+ 52. Rxb5 Kf6) 48... Ke5 49. Bxb5 Bxb5 50. Rxb5 Rf4 51.
Ke2 Re4+ 52. Kd2 h5 {Black's pieces are very active, and it is not easy to
create a o^.} 53. Ra5 Rf4 (53... g5) 54. f3 Rf8 (54... g5) 55. Kd3 (55. Ke3)
55... Kf4 (55... Rb8 56. Ra7 Rb2 57. Rxe7+ Kxd5 58. Re2 (58. g4 Rh2) 58... Rxe2
59. Kxe2 Kc4 60. Kd2 h4 $1 {paralyzing White's >> pawns, and the P _|_ is draw!
} 61. Kc2 d5 62. Kd2 g5 63. Kc2 Kb5 64. Kd3 Kc5) 56. Ra7 Re8 {This looks a bit
passive.} (56... Rf5 $1) 57. c4 g5 58. Ra2 Rb8 $1 {Black immediately activates
his R.} (58... g4 59. fxg4 hxg4 60. Re2 gxh3 61. gxh3 $18) (58... e6 59. Re2 e5
60. c5 dxc5 61. Kc4 $18) 59. Re2 Rb7 60. Re6 (60. Kd4 Rc7 (60... Kg3 61. Ke4 $1
)) 60... h4 (60... Kg3 61. Rg6 Kxg2 62. Rxg5+ Kxh3 63. Rxh5+ Kg3 64. Rf5) 61.
Re4+ Kf5 62. Ke3 (62. Kd4) 62... Ra7 63. Kd3 Rb7 64. Kd4 Rc7 (64... Rb2 65.
Rxe7 Rd2+ 66. Kc3 Rxg2 67. c5 dxc5 68. d6 Rg1 69. Kc4 Kf4 70. Re4+ Kxf3 71. Rg4
$18) 65. Rg4 Ra7 66. f4 gxf4 67. Rxh4 {White has changed the P structure and
finally created a o^.} Ra2 $1 68. Rg4 Rd2+ 69. Kc3 Re2 {Black's pieces are
still very active.} 70. Rg7 Kf6 71. Rg8 Ke5 72. h4 Re3+ 73. Kb4 Re1 74. h5 Rh1
75. Rh8 Rh2 (75... Kf6 76. h6 Kg6 77. Rf8 Rf1 78. Kb5 Kxh6 79. Rf7 Re1 (79...
Rf2 80. Rxe7 Rxg2 81. Rf7) 80. Rxf4 Kg5 81. g3) 76. h6 Rxg2 77. Re8 Rh2 78.
Rxe7+ Kd4 79. h7 (79. Rf7 Rb2+ 80. Ka3 Rh2 81. Rxf4+ Kc5 $11) 79... f3 80. Rf7
Ke3 81. c5 {[%mdl 4096]} dxc5+ $2 {This is the decisive mistake based on a
miscalculation.} (81... f2 $1 {was still enough for a draw!}) 82. Kc3 $1 $18 {
This is the point!} f2 83. d6 f1=Q (83... Rxh7 84. Rxh7 f1=Q 85. Re7+ Kf3 86.
Rf7+ $18) 84. Rxf1 Rxh7 85. Kc4 Ke4 86. Kxc5 Ke5 87. Kc6 Rh2 88. Re1+ Kf6 89.
d7 Rc2+ 90. Kd6 Rd2+ 91. Kc7 Rc2+ 92. Kd8 Kf7 93. Rf1+ Kg7 94. Rf4 Rc1 95. Ke7
Re1+ 96. Kd6 Rd1+ 97. Ke6 Re1+ 98. Kd5 Rd1+ 99. Rd4 Rxd4+ 100. Kxd4 1-0

[Event "Hastings 0304 79th"]
[Site "Hastings"]
[Date "2003.12.28"]
[Round "1"]
[White "Conquest, Stuart"]
[Black "Kotronias, Vasilios"]
[Result "1/2-1/2"]
[WhiteElo "2545"]
[BlackElo "2626"]
[Annotator "Hazai,L"]
[PlyCount "102"]
[EventDate "2003.12.28"]
[EventType "tourn"]
[EventRounds "9"]
[EventCountry "ENG"]
[EventCategory "13"]
[SourceTitle "CBM 099"]
[Source "ChessBase"]
[SourceDate "2004.03.30"]
[SourceVersion "1"]
[SourceVersionDate "2004.03.30"]
[SourceQuality "1"]

1. d4 Nf6 2. Nf3 g6 3. Bg5 Bg7 4. c3 d6 5. Nbd2 O-O 6. e4 c5 7. d5 Na6 {
/\ Nc7, b5 or e6 as in the Benoni.} (7... h6 {- Miles-Nataf, Havana 2001 CBM 84
}) (7... e6 {- Krasenkov-Bologan, Shanghai 2000 CBM 75}) 8. a4 (8. Be2 Nc7 9.
O-O $1 {Kotronias} (9. a4 {defends against b5, but then comes} e6 10. dxe6 Nxe6
11. Bxf6 {If White has to give up his strong dark-squared B, he cannot be
better.} Qxf6 $5 {Kotronias} (11... Bxf6 12. Bc4 {White's knights are far away
from >< d5.} b6 13. O-O Rb8 $1 {/\ a6, b5} 14. Re1 (14. Bb3 $5 Nc7 15. Re1 (15.
Nc4 {runs into the freeing move} d5 16. exd5 Nxd5 17. Nce5 Bb7 $11) (15. Qc2 $5
) 15... Bb7 16. Qc2 $5 (16. Nc4 {is again met by} d5 17. exd5 Nxd5 $132 18.
Nfd2 $140 $6 Qc7 $1 (18... Nf4 19. Ne4 $14) 19. Ne4 Rbd8 20. Ncd6 (20. Qf3 $6
Bg7 21. Rad1 Nf4 $36) 20... Rxd6 21. Bxd5 Bxd5 22. Nxf6+ (22. Nxd6 $6 Qxd6 23.
c4 Bxb2 24. Ra2 Bc3 25. Ree2 Bd4 26. cxd5 Qxd5 $17) 22... Rxf6 23. Qxd5 Rd8 $15
) 16... Qe7 $13) 14... a6 $5 15. Nf1 b5 16. axb5 axb5 17. Bd5 $1 Nf4 (17... b4
18. Qd2 $14 (18. Qc2 $14)) 18. Ne3 c4 19. Nd4 {The white knights control the
important central squares.} Bd7 20. Qf3 $5 (20. Ra7 Nd3 21. Re2 Bxd4 $1 22.
cxd4 Be6 $132) 20... Nd3 21. Reb1 Ne5 22. Qe2 Qc7 $1 {(Tyomkin-Kotronias,
Lisboa 82/53 2001)} 23. b3 $1 {Kotronias} b4 $1 {Otherwise Black's << becomes
vulnerable.} (23... cxb3 $6 24. Rxb3 h5 25. Rab1 $16) (23... Rfc8 $6 24. bxc4
bxc4 25. Qa2 $3 $16 Be8 $140 26. Qa6 $1 Bg5 27. Bb7 $1) 24. Bxc4 Qc5 $1 25.
Ndc2 $5 (25. Nd5 Bg7 26. Nc2 $5 (26. cxb4 $6 Qxd4 27. Rd1 Qxa1 28. Rxa1 Nxc4
$15) 26... bxc3 27. Ba6 Bb5 $1 28. Bxb5 Qxb5 29. Qxb5 Rxb5 $13) 25... Nxc4 (
25... bxc3 $2 26. b4 $16) 26. cxb4 Qg5 27. bxc4 Bxa1 28. Rxa1 Bc6 $13) 12. g3 (
12. O-O Nf4 13. Bc4 Bg4 $5 {looks more active than the game continuation by 11.
..Bxf6.} 14. h3 $140 $6 Bh5 $1 $36) 12... Nc7 $5 $132) 9... e6 {Here at least
White can spare a4.} (9... h6 10. Bh4) (9... b5 {was not a real threat because
of} 10. a4 $1) 10. dxe6 Nxe6 11. Bxf6 Bxf6 12. Bc4 Rb8 {/\ b5}) 8... Nc7 9. Bc4
{preparing against the central push ...e6.} (9. Be2 {- 8.Be2}) 9... b6 (9... e6
10. dxe6 Bxe6 11. Bxe6 fxe6 {can strongly be met by} 12. e5 dxe5 13. O-O $14 {
corrupting Black's P structure.}) 10. O-O (10. Qb3 Rb8 {/\ a6, b5}) 10... Bb7 (
10... a6 11. Re1 Rb8 {looked also logical preparing the push b5.}) 11. Re1 (11.
Qb3 Rb8 12. Rfe1 a6 {- 11.Re1}) 11... a6 12. Qc2 (12. Qb3 Rb8 {and soon b5
will come anyway.}) (12. Bf1 b5 13. Nb3 Rb8 14. axb5 axb5 15. Na5 Ba8 16. Qd2
Qd7 {and the N on a5 can also be a problem.}) 12... Re8 {Black prepares the
freeing move e6.} (12... b5 13. Bf1 h6 {was also possible.}) 13. Bh4 (13. Rad1
b5 14. Bf1 {looked more reasonable.}) 13... b5 14. Bf1 e6 (14... h6 15. h3 {
securing the retreat of the important dark-squared B.}) 15. dxe6 Rxe6 16. Rad1
h6 17. e5 {This central breakthrough doesn't bring much to White, because
Black's fianchettoed bishops are ready for the opening of the position.} (17.
h3 Qe8) 17... dxe5 18. Rxe5 (18. Nxe5 Qe8) 18... Rxe5 (18... Qe7 19. Rde1 c4)
19. Nxe5 Qe8 20. Re1 c4 21. Ndf3 Ne6 $6 {weakening the real target >< b5.} (
21... Qf8 22. axb5 axb5 $11 {was more caotious.}) 22. axb5 axb5 23. b3 $1 {
Now the weakness of b5 begins to tell.} cxb3 24. Qxb3 {Black cannot defend ><
b5 anymore.} Bxf3 (24... Nc5 25. Qb4 Nfe4 26. Bxb5 Qe6 27. Bc4 $16) 25. Nxf3
Qc8 26. Bxb5 Nc5 27. Qc4 Qf5 28. Bxf6 $2 {Probably overlooking a tactical
defence. This is a big strategical mistake, because the ^- gives Black
excellent drawing chances.} (28. Bg3 $16) 28... Bxf6 29. h3 (29. Nd4 Qe5 $1 {
It is possible that White has ignored this reply!} 30. Rxe5 Ra1+ 31. Qf1 Rxf1+
32. Kxf1 Bxe5 {^-}) 29... Rd8 30. Re8+ Rxe8 31. Bxe8 Ne6 32. Bd7 Qb1+ 33. Kh2
Qb8+ 34. g3 Ng5 35. Nxg5 hxg5 {The _|_ ^- with Q is rather drawish.} 36. Bc6
Qc7 37. Kg2 Kg7 38. Qc5 Qe5 39. Qxe5 Bxe5 $11 40. c4 Bd4 41. Kf3 f5 42. g4 Kf6
43. Be8 Bc5 44. Ke2 fxg4 45. hxg4 Ke5 46. Bxg6 Kd4 47. f4 Kxc4 48. fxg5 Kd4 49.
Kf3 Ke5 50. Kg3 Be7 51. Kh4 Kf4 1/2-1/2

[Event "Alushta Autumn 1st"]
[Site "Alushta"]
[Date "2004.08.29"]
[Round "3"]
[White "Khurtsidze, Nino"]
[Black "Vokarev, Sergey"]
[Result "0-1"]
[WhiteElo "2391"]
[BlackElo "2529"]
[Annotator "Hazai,L"]
[PlyCount "92"]
[EventDate "2004.08.28"]
[EventType "tourn"]
[EventRounds "15"]
[EventCountry "UKR"]
[EventCategory "9"]
[SourceTitle "CBM 103"]
[Source "ChessBase"]
[SourceDate "2004.11.11"]
[SourceVersion "1"]
[SourceVersionDate "2004.11.11"]
[SourceQuality "1"]

1. d4 Nf6 2. Nf3 g6 3. Bg5 Bg7 4. Nbd2 O-O 5. e4 d6 6. c3 c5 7. dxc5 dxc5 8.
Be2 (8. Bc4 {- Dreev-Ye Jiangchuan, Dubai 2002 CBM 89}) (8. Qc2 Nc6 9. Be2 {
- 8.Be2}) 8... Nc6 9. O-O (9. h3 Qc7 10. Nh2 {This is a rather sophysticated
manoeuvre.} Nd8 {/\ Ne6-f4} (10... b6 $5) (10... Rd8 $5) 11. Be3 Ne6 12. g3 b6
13. Qc2 Bb7 14. Ng4 Rac8 15. Nh6+ Kh8 16. Bc4 Qc6 17. f3 b5 18. Be2 Nh5 19. Nf1
b4 20. Rd1 bxc3 21. bxc3 Nhf4 $1 $15 {Sharif-Kuzmin, Doha 1993}) (9. Qc2 Qc7 (
9... Be6 {The other plan of development b6, Bb7 looks a bit healthier.} 10. O-O
Qc7 {- 9.0-0} (10... h6 11. Be3 b6 12. h3 $14 Qc7 (12... Ne8 $14) 13. Nh2 {
/\ f4 to grab the |^ in the [+].} Nd7 (13... Ne8 $14) 14. f4 $16 f5 15. Bd3 Na5
16. Nhf3 c4 17. Be2 fxe4 18. Nxe4 Bf7 19. Rad1 Rad8 20. Kh1 $16 {Malaniuk-Ravi,
Calcutta 1993 57/66})) 10. O-O {- 9.0-0}) 9... Qc7 10. Qc2 (10. h3 h6 (10...
Rb8 11. Re1 b5 12. Be3 c4 13. Qc2 Rd8 14. Rad1 Bb7 15. Nf1 Rxd1 16. Rxd1 Nxe4
$6 {White gets three light pieces for the Q which is usually a good business.}
17. Qxe4 Nd4 18. Qxd4 Bxd4 19. Nxd4 e5 20. Nc2 Rd8 $14 {Andersson-Markowski,
Polanica Zdroj 1993}) 11. Be3 b6 12. Qc2 Nh5 {/\ Nf4} (12... Bb7 13. Rfe1 Nh5
14. a4 Rad8 15. Nc4 Nf4 16. Bf1 Nb8 {This plan is not very impressive.} 17. Qc1
g5 18. h4 f5 19. Bxf4 gxf4 20. e5 $14 {Khalifman-Howell, Groningen 1985}) 13.
Rfe1 {/\ Bf1} Nf4 14. Bf1 g5 15. a4 Rd8 $13 16. Nc4 Ng6 $5 (16... g4 $6 {
Wang Zili} 17. hxg4 Bxg4 {ruins his own P structure.} 18. Nh2 Be6 19. g3 Nh5
20. Qe2 Nf6 21. Bg2 $16) 17. a5 Nxa5 18. Nxa5 bxa5 19. Ra4 $1 (19. Qa4 Rb8 20.
Qxa5 Qxa5 21. Rxa5 g4 $1 $13) 19... g4 20. hxg4 Bxg4 $13 {Ye Rongguang-Wang
Zili, China ch 1994 61/71}) 10... Rd8 (10... Rb8 {/\ b5} 11. a4 h6 12. Bh4 Nh5
13. Rfd1 a6 14. Nf1 b5 15. axb5 axb5 16. Ne3 e6 $11 {Piankov-Nevednichy, La
Fere 2003}) (10... Nh5 11. Rfe1 Nf4 12. Bf1 h6 13. Bh4 Be6 $5 $13 (13... Rb8 $6
14. Nc4 b5 15. Ne3 e6 16. a4 a6 17. axb5 axb5 {(Pugachev-Ibragimov, Podolsk
1993 58/(84))} 18. Bg3 $1 $16 {with an annoying pin.}) 14. Bg3 Ne5 $1 {Pugachev
}) (10... Be6 11. Rfe1 h6 12. Bh4 Rad8 13. Bc4 Bxc4 14. Nxc4 Nh5 15. a4 Ne5 16.
Nfxe5 Bxe5 17. Bg3 Nxg3 18. hxg3 Bg7 19. Rad1 Qc6 20. Qb3 Qe6 $11 {
Kiselev-Timoshenko, Novosibirsk 1989}) (10... b6 11. Rfe1 Bb7 (11... h6 12. Bh4
Nh5 13. Nc4 (13. Nf1 $5) 13... g5 14. Bg3 Nxg3 15. hxg3 b5 (15... Bb7 $5) 16.
Ne3 Rb8 17. Nd5 Qb7 (17... Qa5 18. a4 b4 19. Nd2 $16) 18. Nd2 c4 19. f4 e6 20.
Ne3 Qb6 {(Malaniuk-Nevednichy, Yugoslavia 1993 58/84)} 21. Bh5 $1 $14) 12. Bh4
(12. Bb5 {This looks like an unnecessary provocation.} a6 13. Bf1 Ng4 {Black
wants to use the e5 square for mass exchanges.} 14. a4 Nce5 15. h3 Nxf3+ 16.
Nxf3 Ne5 17. Nxe5 Bxe5 18. Rad1 $11 {Larsen-Khalifman, Aarhus 1997}) 12... Rad8
13. Nc4 Nh5 14. a4 (14. Ne3 Nf4 15. Bc4 {This only loses the control over ><
c4.} (15. Bf1) 15... Na5 16. Bf1 c4 17. Bg3 e5 18. b4 cxb3 19. axb3 Qc8 20. b4
Nc6 $11 {Timoshenko-Todorovic, Palma 1989}) 14... Nf4 (14... h6 $5) 15. Bf1 Bc8
(15... Rd7 $5) 16. Bg3 e5 $6 {This weakening move helps only for White to take
control over the light squares.} (16... Bg4 $5) 17. Ne3 Na5 18. Bxf4 exf4 19.
Nd5 $14 {I.Sokolov-M.Piket, Netherlands 2000}) (10... h6 {Now White has to
decide where to retreat with his B.} 11. Be3 (11. Bh4 Nh5 12. Rfe1 (12. Rfd1 g5
{Black wants to get the ^^, the liquidation of the dark-squared B usually
helps for him.} (12... Nf4 {allows White to keep his vital dark-squared B.} 13.
Bf1 g5 14. Bg3 b6 15. h3 Bb7 16. Nc4 Rad8 17. h4 b5 18. Ne3 Ne5 19. hxg5 Nxf3+
20. gxf3 hxg5 21. Bxb5 {Black has no adequate compensation for the sacrificed
P.} Be5 22. Rxd8 Rxd8 23. Rd1 $14 {Kir.Georgiev-Dembo, Aghia Pelagia 2004}) 13.
Bg3 Nxg3 14. hxg3 b6 (14... Bg4 {The beginning of a sophysticated B manoeuvre.}
15. Nc4 Bh5 16. a4 Bg6 17. Rd5 b6 18. Rad1 Rfe8 19. Ne3 e6 20. Rd7 Qc8 21. R7d2
$14 {Bagheri-Baklan, Metz 2003}) 15. Nc4 Bb7 16. Ne3 e6 $11 {and the white
knights have no good squares.}) 12... Be6 (12... b6 $5) (12... g5 13. Bg3 Nxg3
14. hxg3 Rd8) 13. Nc4 Bxc4 (13... Rfd8) 14. Bxc4 Ne5 $11) 11... b6 12. h3 {
- 10.h3}) 11. Rad1 (11. Rfe1 h6 12. Bh4 Nh5 13. Nc4 Be6 14. Ne3 Nf4 {taking
control over the dark squares f4 and e5.} 15. Bf1 Ne5 $11 {Yusupov-Kasparov,
Riga 1995 63/(53)}) (11. Rfd1 Be6 (11... h6 $5) 12. Nc4 Rxd1+ 13. Rxd1 Rd8 14.
Rxd8+ Qxd8 15. a4 h6 16. Be3 b6 17. h3 Ne8 18. Qd2 {The _|_ cannot yield much
for White.} Qxd2 19. Nfxd2 $11 {Bagheri-Nedev, Istanbul 2000}) 11... h6 12. Bh4
(12. Be3 $5 Ng4 (12... b6 13. h3 {and the B is on the right place.}) 13. Bxc5
b6 14. Be3 (14. Ba3 $4 {falls into} Nd4 $1 $19) 14... Nxe3 15. fxe3 {and the
doubled pawns and the ^^ may give some compensation for the P.}) 12... Nh5 {
>< f4} 13. Nc4 Rxd1 14. Rxd1 g5 15. Bg3 Nxg3 16. hxg3 Bd7 {Black has weakened
his >> a bit, but the ^^ has a bright future.} 17. Ne3 e6 {controlling >< d5
and f5} 18. a4 {White has to secure the c4 square.} Rd8 19. Nc4 Be8 {Black
wants to exchange the heavy pieces in order to exploit his ^^.} 20. Qc1 $6 {
This move is not easy to understand.} (20. Rxd8 Qxd8) 20... Na5 21. Nxa5 Qxa5
22. Rxd8 Qxd8 {Now the ^^ becomes really strong.} 23. Bd1 (23. Bb5 Bxb5 24.
axb5 Qd3 $1) (23. Qc2 Qa5 24. Bd1 Bc6 $15) 23... Bc6 24. Bc2 Qd7 25. Qe3 Bxa4
26. b3 (26. Bxa4 $2 Qxa4 27. Qxc5 Qxe4 $19) 26... Bb5 27. Qxc5 Qc6 28. Qxc6
Bxc6 {[%mdl 4096] The _|_ is a nice illustrative example for the strength of
the ^^.} 29. Nd4 Bd7 30. f4 $2 {This only weakens White's P structure.} (30. g4
a5 (30... b5 31. b4) 31. Bd3 {was more persistant.}) 30... e5 $1 31. fxe5 Bxe5
{White's P structure falls apart.} 32. Kf2 a5 {/\ b5, a4 creating a remote o^.}
(32... Kg7) 33. Bd3 {against b5} Kg7 34. Nf5+ (34. Ke3 $5 {/\ Kd2 keeping the
P on c3.} h5 (34... Bxg3 $2 35. Nf5+ Bxf5 36. exf5 {with good drawing chances
in view of the ^-.}) 35. Kd2 Kf6 36. Nf5) 34... Kf6 35. c4 {Now the dark
squares become utterly weak.} (35. Nxh6 $2 Bxc3 $19) 35... h5 36. Be2 g4 37.
Bd3 {White can only sit and wait, while Black can gradually improve his
position.} Bb8 38. Ke3 Be5 39. Kf2 Bc6 40. Ke3 Bb8 {Now they have reached the
40-th move limit.} 41. Bc2 Ke5 $1 $19 {/\ Ba7} 42. Ng7 Ba7+ 43. Kd2 Bxe4 44.
Bxe4 Kxe4 45. Nxh5 Bd4 {The black pieces dominate the board.} 46. Nf4 $2 (46.
Ke2 Be5) 46... Be3+ 0-1